| 000 | 01100nam a22002897a 4500 | ||
|---|---|---|---|
| 001 | BRCA_9394 | ||
| 003 | FranzMayer | ||
| 005 | 20230918124812.0 | ||
| 008 | 230901b |||||||| |||| 00| 0 eng d | ||
| 020 | _a9709948008 | ||
| 040 |
_aMFM _bESPAÑOL _cMFM |
||
| 050 | 0 |
_aNK3400 _bG35 2005 |
|
| 110 | 1 |
_4Responsable _aGalería de arte contemporaneo y diseño, Puebla, Puebla _929498 |
|
| 240 |
_aAlarca 54 artistas contemporáneo _lEspañol e inglés |
||
| 245 | 0 | _aAlarca 54 artistas contemporáneo | |
| 260 |
_aPuebla, México _bUDLA, Puebla _c2005 |
||
| 300 |
_a151 p _bIlustraciones a color _c26 cm |
||
| 500 | _aAnexo 1 | ||
| 500 | _aEl libro contiene una cubierta exterior, la que dificulta obtener sus datos con facilidad | ||
| 505 | _aTexto en: españolIncluye índiceDirigido a: artistas y artesanos mexicanos | ||
| 650 | 1 |
_2Alarca _aExposiciones culturales _vTalavera _929499 |
|
| 700 | 1 |
_4Fot. _aArcos, Bernardo _929500 |
|
| 700 | 1 |
_4Dis. _aMontalvo, German _929501 |
|
| 700 | 1 |
_4Asis _aCaballero, César _929502 |
|
| 700 | 1 |
_4Trad _aVillegas, Sidaria _929503 |
|
| 942 |
_2lcc _cB |
||
| 999 |
_c11016 _d11016 |
||